Central Library OPAC University of Rajshahi

Normal and abnormal psychology : (Record no. 29555)

MARC details
000 -LEADER
fixed length control field 01028cam a2200313 i 4500
001 - CONTROL NUMBER
control field 29555
003 - CONTROL NUMBER IDENTIFIER
rucl marc code BD-RjUL
005 - DATE AND TIME OF LATEST TRANSACTION
control field 20211209051427.0
008 - FIXED-LENGTH DATA ELEMENTS--GENERAL INFORMATION
fixed length control field 140403r19491948enk b 001 0 eng c
035 ## - SYSTEM CONTROL NUMBER
System control number (OCoLC)ocm02228220
System control number (BD-RjUL)29640
System control number (NNC)1537806
040 ## - CATALOGING SOURCE
Original cataloging agency Minnesota. Univ. Libr.
Transcribing agency GUA
Modifying agency GUA
-- BD-RjUL
Language of cataloging eng
041 ## - LANGUAGE CODE
Language code of text/sound track or separate title eng
082 ## - DEWEY DECIMAL CLASSIFICATION NUMBER
Classification number 150
Author mark and year NIN 1949
090 ## - LOCALLY ASSIGNED LC-TYPE CALL NUMBER (OCLC); LOCAL CALL NUMBER (OCLC)
Classification number (OCLC) (R) ; Classification number, CALL (RLIN) (NR) BF131
Local cutter number (OCLC) ; Book number/undivided call number, CALL (RLIN) .N530
100 1# - MAIN ENTRY--PERSONAL NAME
Personal name Nicole, J. Ernest
Fuller form of name (John Ernest),
Dates associated with a name 1894-
9 (RLIN) 90068
245 10 - TITLE STATEMENT
Title Normal and abnormal psychology :
Remainder of title a precis for junior students, nurses, occupational therapists, welfare workers and others /
Statement of responsibility, etc. J. Ernest Nicole
260 ## - PUBLICATION, DISTRIBUTION, ETC. (IMPRINT)
Place of publication, distribution, etc. London :
Name of publisher, distributor, etc. G. Allen & Unwin,
Date of publication, distribution, etc. 1948.[impression 1949]
300 ## - PHYSICAL DESCRIPTION
Pagination viii, 96 p. ;
Size 22cm.
504 ## - BIBLIOGRAPHY, ETC. NOTE
Bibliography, etc "Suggestions for further reading": p. 89-90.
Bibliography, etc Includes index.
650 #0 - SUBJECT ADDED ENTRY--TOPICAL TERM
Topical term or geographic name as entry element Psychology.
9 (RLIN) 90069
Topical term or geographic name as entry element Psychology, Pathological.
9 (RLIN) 90070
Topical term or geographic name as entry element Nursing.
9 (RLIN) 90071
942 ## - ADDED ENTRY ELEMENTS (KOHA)
Source of classification or shelving scheme Dewey Decimal Classification
Koha item type Books
Holdings
Lost status Source of classification or shelving scheme Damaged status Not for loan Collection code Permanent Location Current Location Shelving location Date acquired Source of acquisition Cost, normal purchase price Total Checkouts Full call number Date last seen Copy number Koha item type
  Dewey Decimal Classification   Added to bundle Non-fiction Central Library, University of Rajshahi Central Library, University of Rajshahi Reading Room 01/04/1957 Simphin Morshall 8.60   150 NIN 1949 03/04/2014 C-1 Books